U.S. License Plates Picture Quiz - Statistics

General Stats
  • This quiz has been taken 53,155 times
  • The average score is 10 of 16
Answer Stats
Picture Answer % Correct
Hawaii
98%
Texas
96%
Idaho
72%
New Jersey
72%
New Mexico
70%
Illinois
68%
Colorado
67%
Alaska
64%
Wisconsin
63%
Wyoming
55%
Vermont
47%
New Hampshire
46%
Nevada
41%
Pennsylvania
37%
West Virginia
36%
Massachusetts
30%
No matching quizzes found
Score Distribution
Percent of People with Each Score
Percentile by Number Answered
Your Score History
You have not taken this quiz